000 00881nam a2200205Ia 4500
999 _c36199
_d36199
003 OSt
005 20210227123457.0
008 160316s2009 xxu||||| |||| 00| 0 eng d
040 _c.
082 _a342.085
_bTRI
100 _aTripathy Rangin Pallav
245 _aLegal utterances
260 _aOdisha
_bPopular Print
_c2009
300 _a108p
365 _b Gratis
505 _aTABLE OF CONTENTS 1. Human Rights: The Delusion; 2. A Purposive Analysis of the Judges Inquiry Bill 2006; 3. Rights Without Law: Role of Indian Judiciary in Implementation of International Human Rights Provisions; 4. Case Analysis of Kihotta Hollohon; V Zachillhu: Constitutionality of the Tenth Schedule; 5. Right of Victims to Participate in Criminal Proceedings; 6. Bibliography;
650 _a1. Human Rights - Legal Utterance2. Victim Rights
700 _a
_a
942 _2ddc
_cBK